| Tag |
First Indicator |
Second Indicator |
Subfields |
| LEADER |
00000cam a2200000Ka 4500 |
| 001 |
in00000000051 |
| 006 |
m d f |
| 008 |
980813s1995 alu sb f001 0 eng d |
| 005 |
20230309222506.2 |
| 035 |
|
|
|a (OCoLC)ocm52625609
|
| 035 |
|
|
|9 AHS6259AM
|
| 035 |
|
|
|a in00000000051
|
| 040 |
|
|
|a GPO
|c GPO
|d OCLCQ
|d OCLCG
|d GPO
|d MvI
|d UtOrBLW
|
| 043 |
|
|
|a n-us---
|
| 049 |
|
|
|a WWW
|
| 074 |
|
|
|a 0422-K (MF)
|
| 074 |
|
|
|a 0422-K (online)
|
| 086 |
0 |
|
|a D 301.26/6:H 35/V.2
|z D 301.26/6:T 42
|
| 100 |
1 |
|
|a Mann, Edward C.,
|d 1947-
|
| 245 |
1 |
0 |
|a Thunder and lightning :
|b Desert Storm and the airpower debates /
|c Edward C. Mann III.
|
| 264 |
|
1 |
|a Maxwell Air Force Base, Ala. :
|b Air University Press,
|c [1995]
|
| 300 |
|
|
|a xx, 219 pages :
|b digital, PDF file.
|
| 336 |
|
|
|a text
|b txt
|2 rdacontent
|
| 337 |
|
|
|a computer
|b c
|2 rdamedia
|
| 338 |
|
|
|a unspecified
|b zu
|2 rdacarrier
|
| 500 |
|
|
|a Title from title screen (viewed on May 30, 2003).
|
| 538 |
|
|
|a Mode of access: Internet from the Air University Press web site. Address as of 5/30/03: http://aupress.au.af.mil/Books/b-2/mann.pdf ; current access is available via PURL.
|
| 500 |
|
|
|a Title from title screen (viewed May 30, 2003).
|
| 500 |
|
|
|a "April 1995."
|
| 500 |
|
|
|a Distributed to depository libraries in microfiche (shipping list number: 1998-0850-M.).
|
| 504 |
|
|
|a Includes bibliographical references and index.
|
| 500 |
|
|
|a "Thunder and Lightning is a companion volume to Reynolds's Heart of the Storm"--AU web site.
|
| 500 |
|
|
|a Electronic resource.
|
| 650 |
|
0 |
|a Persian Gulf War, 1991
|x Aerial operations, American.
|
| 650 |
|
0 |
|a Air power
|z United States.
|
| 776 |
1 |
|
|a Mann, Edward C., 1947-
|t Thunder and lightning : Desert Storm and the airpower debates
|h xx, 220 p.
|w (OCoLC)32016373
|
| 710 |
2 |
|
|a Air University (U.S.).
|b Press.
|
| 740 |
0 |
|
|a Heart of the storm: the genesis of the air campaign against Iraq.
|
| 856 |
4 |
0 |
|u https://purl.fdlp.gov/GPO/LPS31520
|t 0
|
| 999 |
|
|
|a MARS
|
| 999 |
f |
f |
|i 6fe4a5aa-9d18-31fa-a31f-50d90aa6b4d4
|s 2def6da1-8e2b-3bf5-ae07-a5ba82186b91
|t 0
|
| 952 |
f |
f |
|a Texas A&M University
|b College Station
|c Electronic Resources
|d Available Online
|t 0
|e D 301.26/6:T 42
|h Superintendent of Documents classification
|
| 998 |
f |
f |
|a D 301.26/6:T 42
|t 0
|l Available Online
|